| 000 | 00382nam a2200121Ia 4500 | ||
|---|---|---|---|
| 008 | 211119s9999||||xx |||||||||||||| ||und|| | ||
| 082 |
_a894.812 3 _bRAM-F |
||
| 100 | _aRamakrishnan, T D | ||
| 245 | 0 | _aFrancis Ittikora | |
| 260 |
_bD c Books _aKottayam _c2009 |
||
| 650 |
_aMalayalam Literature _vMalayalam FictionMalayalam NovelsShort StoriesMalayalam _xGeneral Stack |
||
| 942 | _cBOOK | ||
| 999 |
_c109794 _d109794 |
||